Poistné riziká, riziková úprava a výsledok z poistných služieb

Prenos poistného rizika od poisteného na poisťovňu je základným princípom poistenia. Komplexné modelovanie poistného rizika za účelom jeho zobrazenia vo výkazoch poisťovne prináša Medzinárodný štandard finančného výkazníctva IFRS 17 Poistné zmluvy. Príspevok opisuje vplyv poistných rizík na hospodár...

Descrizione completa

Salvato in:
Dettagli Bibliografici
Autore principale: Kosztolányi, Martin, 1977-
Natura: Capitolo di libro
Lingua:slovacco
Soggetti:
Tags: Aggiungi Tag
Nessun Tag, puoi essere il primo ad aggiungerne!!

MARC

LEADER 00000naa$a2200000$$$4500
001 0305696
005 20241219100240.1
041 0 |a slo 
044 |a CZ 
245 1 0 |a Poistné riziká, riziková úprava a výsledok z poistných služieb  |c Martin Kosztolányi 
520 |a Prenos poistného rizika od poisteného na poisťovňu je základným princípom poistenia. Komplexné modelovanie poistného rizika za účelom jeho zobrazenia vo výkazoch poisťovne prináša Medzinárodný štandard finančného výkazníctva IFRS 17 Poistné zmluvy. Príspevok opisuje vplyv poistných rizík na hospodársky výsledok poisťovne priamo prostredníctvom štruktúry Výkazu ziskov a strát poisťovne ako aj použitím rizikovej úpravy na nefinančné riziká. 
610 2 0 |a riziko poistné 
610 2 0 |a IFRS 
610 2 0 |a poisťovne 
610 2 0 |a výkazy finančné 
100 1 |a Kosztolányi, Martin, 1977-